Compensation management : (Record no. 8625)

MARC details
000 -LEADER
fixed length control field 00551cam a2200205ua 4500
001 - CONTROL NUMBER
control field 9603
005 - DATE AND TIME OF LATEST TRANSACTION
control field 20260515114508.0
008 - FIXED-LENGTH DATA ELEMENTS--GENERAL INFORMATION
fixed length control field 160302n ii |||gr||||Z||||||eng
020 ## - INTERNATIONAL STANDARD BOOK NUMBER
International Standard Book Number 9788183703505
040 ## - CATALOGING SOURCE
Transcribing agency MAIN
041 ## - LANGUAGE CODE
Language code of text/sound track or separate title eng
082 ## - DEWEY DECIMAL CLASSIFICATION NUMBER
Classification number 658.32
100 ## - MAIN ENTRY--PERSONAL NAME
Personal name Verma, Vishal,
Relator term Author.,
245 1# - TITLE STATEMENT
Title Compensation management :
Remainder of title a handbook for students of human resource management /
Statement of responsibility, etc. by Vishal Verma .
250 ## - EDITION STATEMENT
Edition statement 1st ed. .
260 ## - PUBLICATION, DISTRIBUTION, ETC.
Place of publication, distribution, etc. New Delhi:
Name of publisher, distributor, etc. Akansha,
Date of publication, distribution, etc. 2013.
300 ## - PHYSICAL DESCRIPTION
Extent 412p.
653 ## - INDEX TERM--UNCONTROLLED
Uncontrolled term General management
942 ## - ADDED ENTRY ELEMENTS (KOHA)
Koha item type Books
Holdings
Withdrawn status Lost status Damaged status Not for loan Home library Current library Shelving location Date acquired Total checkouts Full call number Barcode Date last seen Date last checked out Copy number Price effective from Koha item type
        Naharkatiya College Library Naharkatiya College Library General stacks 09/19/2020 1 658.32 | VER 23068 09/21/2021 08/05/2021 1 09/19/2020 Books
        Naharkatiya College Library Naharkatiya College Library General stacks 09/19/2020   658.32 | VER 23069 09/19/2020   2 09/19/2020 Books
        Naharkatiya College Library Naharkatiya College Library General stacks 09/19/2020 1 658.32 | VER 23070 02/05/2026 02/05/2026 3 09/19/2020 Books